000 00722nam a2200241Ia 4500
003 OSt
005 20220926005357.0
006 a|||||r|||| 00| 0
007 ta
008 220923b |||||||| |||| 00| 0 eng d
020 _a8175411279
037 _cGeneral Book
040 _aRTL
_cRTL
_beng
041 _2eng
_aeng
082 _aU6715:(G:55), P3
100 _aPrasad Kamta Ed.
_9310146
245 0 _aWater resources and sustainable development
_b Challanges of 21st century
260 _a New Delhi
_bShipra Publications India
_c2003
300 _a494p
_ccm.
650 _aWater Resource
_9310147
942 _hU6715:(G:55), P3
_cGB
_2CC
999 _c613606
_d613606